000 01010nac a22003257a 4500
001 BR6000809
003 BR-BrBNA
005 20240105112954.0
008 230509b bl.|||m| |||| 00| 0 por d
040 _aBR-BrBNA
_bpor
_cBiblioteca Nacional de Agricultura
072 _aE70
090 _aE70 BR6000809
110 1 _aInstituto Brasileiro de Economia, Rio de Janeiro, GB. Centro de Estudos Agricolas
245 1 _aPrecos de 10 produtos utilizados nas atividades agropecuarias [Brasil]
_b1. Semestre de 1972
260 3 _aRio de Janeiro, GB (Brasil):
_c1972.
300 _a21 p.
490 _aPrecos de 10 Produtos Utilizados nas Atividades Agropecuarias (Brazil)
_v
_x
500 _aNumerical data
650 _aLARANJA
650 _aMUDA
650 _aSAL
650 _aFERTILIZANTE
650 _aDEFENSIVO
650 _aIMPLEMENTO AGRICOLA
650 _aVACINA
650 _aPRECO
650 _aPRECO MEDIO
909 _a202312
_bLúcia Elande
_c55
_dLúcia Elande
942 _2AGRIS
_n0
_cMS
999 _c261209
_d261209